000 00246nam a2200097Ia 4500
001 683171
005 20250826161433.0
008 250824s9999 xx 000 0 und d
245 0 _aYAŞADIĞIM İSTANBUL
_cSELİM İLERİ
260 _bEVEREST YAYINLARI
999 _c683171
_d683171